<?xml version="1.0" encoding="UTF-8"?><?xml-stylesheet type="text/xsl" href="static/style.xsl"?><OAI-PMH xmlns="http://www.openarchives.org/OAI/2.0/" xmlns:xsi="http://www.w3.org/2001/XMLSchema-instance" xsi:schemaLocation="http://www.openarchives.org/OAI/2.0/ http://www.openarchives.org/OAI/2.0/OAI-PMH.xsd"><responseDate>2026-04-19T08:57:35Z</responseDate><request verb="GetRecord" identifier="oai:riubu.ubu.es:10259/4291" metadataPrefix="marc">https://riubu.ubu.es/oai/request</request><GetRecord><record><header><identifier>oai:riubu.ubu.es:10259/4291</identifier><datestamp>2022-12-20T11:41:06Z</datestamp><setSpec>com_10259_4244</setSpec><setSpec>com_10259_5086</setSpec><setSpec>com_10259_2604</setSpec><setSpec>col_10259_4245</setSpec></header><metadata><record xmlns="http://www.loc.gov/MARC21/slim" xmlns:doc="http://www.lyncode.com/xoai" xmlns:xsi="http://www.w3.org/2001/XMLSchema-instance" xmlns:dcterms="http://purl.org/dc/terms/" xsi:schemaLocation="http://www.loc.gov/MARC21/slim http://www.loc.gov/standards/marcxml/schema/MARC21slim.xsd">
<leader>00925njm 22002777a 4500</leader>
<datafield tag="042" ind1=" " ind2=" ">
<subfield code="a">dc</subfield>
</datafield>
<datafield tag="720" ind1=" " ind2=" ">
<subfield code="a">Bernal, Marta</subfield>
<subfield code="e">author</subfield>
</datafield>
<datafield tag="720" ind1=" " ind2=" ">
<subfield code="a">Ruiz Pérez, María Olga</subfield>
<subfield code="e">author</subfield>
</datafield>
<datafield tag="720" ind1=" " ind2=" ">
<subfield code="a">Geanta, Ramona Mihaela</subfield>
<subfield code="e">author</subfield>
</datafield>
<datafield tag="720" ind1=" " ind2=" ">
<subfield code="a">Benito Moreno, José Manuel</subfield>
<subfield code="e">author</subfield>
</datafield>
<datafield tag="720" ind1=" " ind2=" ">
<subfield code="a">Escudero Barbero, Isabel</subfield>
<subfield code="e">author</subfield>
</datafield>
<datafield tag="260" ind1=" " ind2=" ">
<subfield code="c">2016-01</subfield>
</datafield>
<datafield tag="520" ind1=" " ind2=" ">
<subfield code="a">The feasibility of an activated charcoal/ultrafiltration process for the decolouration of beet molasses, and&#xd;
subsequent regeneration of the exhausted charcoal by thermal and chemical methods, has been examined.&#xd;
Several activated charcoals were assayed prior to the selection of Norit powdered activated charcoal&#xd;
(NPAC). The affinity of NPAC for the adsorption of dark colour compounds was studied at 25  C. A colour&#xd;
reduction of over 98% was achieved at equilibrium using an NPAC concentration of 5 g/L from the beet&#xd;
molasses at pH 3, with no betaine or sucrose co-adsorptions. Crossflow ultrafiltration experiments with&#xd;
NPAC were performed using a 100 kDa TiO2 tubular ceramic membrane, in order to select the optimal&#xd;
operating conditions. Experiments with several ultrafiltration stages for the decolouration of beet&#xd;
molasses, and subsequent regeneration of the exhausted NPAC with sodium hydroxide solutions, were&#xd;
also performed under the conditions identified previously. A high colour reduction in the molasses of&#xd;
over 96.5%, with no adsorption of sucrose, betaine, citric acid or lactic acid, was achieved in the first&#xd;
decolouration stage at pH 3, with an initial NPAC concentration of 5 g/L, a transmembrane pressure of&#xd;
100 kPa and a feed flowrate of 4.24 L/h. A good NPAC regeneration was obtained, with a loss of its colour&#xd;
removal capacity lower than 10%.</subfield>
</datafield>
<datafield tag="024" ind2=" " ind1="8">
<subfield code="a">http://hdl.handle.net/10259/4291</subfield>
</datafield>
<datafield tag="245" ind1="0" ind2="0">
<subfield code="a">Colour removal from beet molasses by ultrafiltration with activated charcoal</subfield>
</datafield>
</record></metadata></record></GetRecord></OAI-PMH>